Statistiques concernant Culture Générale - Série 1188

Cliquez ici pour prendre le quiz!

Statistiques générales

  • Ce quiz a été pris 62 fois
  • Le résultat moyen est 5 sur 10

Statistiques - réponses

QuestionRéponse% Correct
Selon l'expression, à quel rongeur compare-t-on une personne qui dort profondément ? un ...loir
87%
Selon l'expression, à quel rongeur compare-t-on une personne qui dort profondément ? une ....marmotte
87%
Quel écrivain, prénommé Jean-Paul, a offert les paroles de la chanson “La Rue des Blancs-Manteaux” à Juliette Gréco ?Jean-Paul Sartre
68%
Entre 1839 et 1842, quel pays est opposé à l'Angleterre durant la guerre de l'Opium ?Chine
65%
En 2003, quelle actrice française, prénommée Clotilde, est devenue princesse en épousant Emmanuel Philibert de Savoie ?Clotilde Courau
58%
Quel chanteur québécois, prénommé Félix, interprète "Le P'tit Bonheur", en 1950 ?Félix Leclerc
40%
Quel philosophe a donné son nom à la commune d'Indre-et-Loire dans laquelle il est né, en 1596 ?René Descartes
27%
Dans quel dessin animé de Paul Grimault, achevé en 1979, rencontre-t-on une bergère amoureuse d'un ramoneur ?Le Roi et l'Oiseau
13%
Quel dessinateur a créé le personnage d'Achille Talon, en 1963 ?Greg
8%
Quel nom portent les habitants de l'île de Groix ?Groisillons
7%

Distribution des résultats

Percentile par nombre de réponses

% des personnes avec chaque résultat

Votre développement - résultats

Vous n’avez pas pris ce quiz